• 首页
  • 本馆介绍
  • 公告通知
  • 最新文献
  • 馆藏检索
  • 电子资源
  • 读者导购
  • 参考咨询
  • 我的图书馆
  • 登录
  • 详细信息显示
  • 放入我的书架
  • 预约/预借图书
  • 作者相关作品
  • 分类相关作品
  • 丛书相关作品
  • 出版社相关作品

书目信息

  • 表格格式
  • 工作单格式
  • 卡片格式
题名:
孩子学安全的第一本书
    
 
作者: 郭芳茹 编著
分册:  
出版信息: 北京   中国华侨出版社  2012.10
页数: 239页
开本: 24cm
丛书名: 小橘灯亲子学堂丛书
单 册:
中图分类: X956-49
科图分类:
主题词: 安全教育--少年读物
电子资源:
ISBN: 978-7-5113-2695-9
000 00906oam2 2200277 450
001 0120151622654
005 20160516095305.42
010    @a978-7-5113-2695-9@dCNY29.00
100    @a20150728e20152012cemy0chiy50 ea
101 0  @achi
102    @aCN@b110000
105    @ay z 000yy
106    @ar
200 1  @a孩子学安全的第一本书@9hai zi xue an quan de di yi ben shu@f郭芳茹编著
205    @a修订版
210    @a北京@c中国华侨出版社@d2012.10@h2015.07重印
215    @a239页@d24cm
225 2  @a小橘灯亲子学堂丛书
330    @a本书涵盖了孩子们安全教育的事例,内容涉及居家安全、校园安全、户外安全、交通安全、饮食安全、游乐安全、自然灾害、危机自救、心理导航等。
333    @a青少年
461  0 @12001 @a小橘灯亲子学堂丛书
606 0  @a安全教育@j少年读物
690    @aX956-49@v5
701  0 @a郭芳茹@9guo fang ru@4编著
801  0 @aCN@b人天书店@c20150728
905    @b877672-77@dX956-49@e24=2@f6
    
    孩子学安全的第一本书/郭芳茹编著.-修订版.-北京:中国华侨出版社,2012.10(2015.07重印)
    239页;24cm.-(小橘灯亲子学堂丛书)
    使用对象:青少年
    
    ISBN 978-7-5113-2695-9:CNY29.00
    本书涵盖了孩子们安全教育的事例,内容涉及居家安全、校园安全、户外安全、交通安全、饮食安全、游乐安全、自然灾害、危机自救、心理导航等。
●
相关链接 在E读中查询图书 在五车中查询图书 在当当中查询图书 在豆瓣中查询图书


正题名:孩子学安全的第一本书     索取号:X956-49/24=2         预约/预借

序号 登录号 条形码 馆藏地/架位号 状态 备注
1 877672   208776724   第二样本阅览室/ [索取号:X956-49/24=2] 在馆    
2 877673   208776733   教育系资料室/ [索取号:X956-49/24=2] 在馆    
3 877674   208776742   教育系资料室/ [索取号:X956-49/24=2] 在馆    
4 877675   208776751   教育系资料室/ [索取号:X956-49/24=2] 在馆    
5 877676   208776760   第三借阅区/ [索取号:X956-49/24=2] 在馆    
6 877677   208776779   第三借阅区/ [索取号:X956-49/24=2] 在馆    
唐山师范学院图书馆 欢迎您!
大连网信软件有限公司© 版权所有